Ročenka ...

Bibliographic Details
Format: Journal
Language:Slovak
PhysicalDescription:zv.
Published: Bratislava Výskumný ústav inžinierskych stavieb 1973-
Subjects:

MARC

LEADER 00000cas a2200000 a 4500
001 vtls009280597
003 SK-MaSNL
005 20260228161453.0
008 080331d1973197uxo ar|p 0 b0slo
040 |a SNK  |b slo  |c SNK  |e AACR2 
041 0 |a slo 
044 |a xo  |c SK 
072 7 |a 624  |x Stavebné inžinierstvo  |2 konspekt 
080 |a 624  |2 2011 
080 |a 050  |2 2001 
080 |a (047.1)  |2 2011 
245 0 0 |a Ročenka ...  |c Výskumný ústav inžinierskych stavieb 
246 1 3 |a Výskumný ústav inžinierskych stavieb. Ročenka 
246 1 3 |a Ročenka Výskumného ústavu inžinierskych stavieb 
246 1 3 |a Ročenka VÚIS 
260 |a Bratislava  |b Výskumný ústav inžinierskych stavieb  |c 1973- 
300 |a zv. 
310 |a 1x ročne 
362 |a 1973- 
650 0 7 |a inžinierske staviteľstvo  |2 SNKPH  |9 725 
655 7 |a výročné správy  |2 SNKPH  |9 70580 
910 |a snk 
999 |c 5464  |d 7394 
952 |0 0  |1 0  |4 0  |7 0  |a SNK  |b SNK  |d 2008-03-31  |i snkKSP 3338/76  |l 0  |o snkČSB 2552/1/1973  |p 17A0585566  |r 2026-02-21 20:49:13  |w 2026-02-21  |y PREZ